Ekonomické paradoxy Vývoj věcných a finančních parametrů čs. hospodářství v letech 1990-1992
Hospodársky vývoj Československa v r. 1990-1992. Objemové ukazovatele v jednotlivých odvetviach hospodárstva. Vývoj produkcie a hrubého domáceho produktu. Zamestnanosť, produktivita a mzdy. Zahraničný obchod a platobná bilancia. Cenový vývoj a inflácia. Finančné výsledky. Údaje o vývoji finančnej si...
Enregistré dans:
| Auteur principal: | |
|---|---|
| Format: | Chapitre de livre |
| Langue: | tchèque |
| Sujets: | |
| Tags: |
Pas de tags, Soyez le premier à ajouter un tag!
|
MARC
| LEADER | 00000naa a2200000 4500 | ||
|---|---|---|---|
| 001 | r014001 | ||
| 005 | 20220713122046.3 | ||
| 041 | 0 | |a cze | |
| 044 | |a SK | ||
| 245 | 1 | 0 | |a Ekonomické paradoxy |b Vývoj věcných a finančních parametrů čs. hospodářství v letech 1990-1992 |c Milan Matějka |
| 520 | |a Hospodársky vývoj Československa v r. 1990-1992. Objemové ukazovatele v jednotlivých odvetviach hospodárstva. Vývoj produkcie a hrubého domáceho produktu. Zamestnanosť, produktivita a mzdy. Zahraničný obchod a platobná bilancia. Cenový vývoj a inflácia. Finančné výsledky. Údaje o vývoji finančnej situácie podnikovej sféry, bankovníctva. Finančná situácia obyvateľstva. | ||
| 610 | 2 | 0 | |a vývoj hospodársky |
| 610 | 2 | 0 | |a ČSFR |
| 610 | 2 | 0 | |a 1990-1992 |
| 610 | 2 | 0 | |a odvetvia činnosti ekonomickej |
| 610 | 2 | 0 | |a produkt domáci hrubý |
| 610 | 2 | 0 | |a obchod zahraničný |
| 610 | 2 | 0 | |a bilancia platobná |
| 610 | 2 | 0 | |a zamestnanosť |
| 610 | 2 | 0 | |a ceny |
| 610 | 2 | 0 | |a inflácia |
| 610 | 2 | 0 | |a financie |
| 610 | 2 | 0 | |a úroveň životná |
| 610 | 2 | 0 | |a mzdy |
| 100 | 1 | |a Matějka, Milan | |